01410nam a2200409 i 450000100060000000300090000600500170001500800390003201500170007102000150008804000280010304100130013104600090014408000080015308000120016110000390017324501010021224600360031325000230034926000430037230000550041533600270047033700540049733800280055138000160057938000270059538500370062238800140065950400360067365800300070965500300073965000180076971000340078770000380082185600980085985600430095733497KOSZ 00520220516121930.0980724s1998 pl a f f |001 0 pol aPB 1998/9303 a8301120193 aWA NcWA NdKOSZ 005/HR1 apolheng k1993 a005 a(075.8)1 aGriffin, Ricky W.d(1950- )eAutor10aPodstawy zarządzania organizacjami /cRicky W. Griffin ; przekł. [z ang.] Michał Rusiński.1 iTyt. oryg.:aManagement,f1993. a[Wyd. 1, dodr. 2]. aWarszawa :bWydaw. Naukowe PWN,c1998. a826, [2] s. :bil. kolor., 2 mapy, wykr. ;c25 cm. 2rdacontentaTekstbtxt 2rdamediaaBez urządzenia pośredniczącegobn 2rdacarrieraWoluminbnc aKsiążki aPublikacje dydaktyczne mPoziom nauczaniaaSzkoły wyzsze a1901-2000 aBibliogr. przy rozdz. - Indeks. aZarządzanie i marketing 4aPodręczniki akademickie 4aZarządzanie2 aWydawnictwo Naukowe PWN4pbl.1 aRusiński, MichałeTłumaczenie uhttp://koha.tu.koszalin.pl/cgi-bin/koha/opac-detail.pl?biblionumber=33497yKatalog online BPK uhttp://libra.ibuk.pl/book/184844yIBUK